|
|
|
|
| LEADER |
00979nas a22002297i 4500 |
| 003 |
GR-PaULI |
| 008 |
161121c20089999gr fr|p |||| 00| b gre d |
| 952 |
|
|
|0 0
|1 0
|2 ddc
|4 0
|6 805_000000000000000
|7 1
|9 244738
|a LISP
|b LISP
|c SER
|d 2020-10-22
|e ΠΑΤ
|i ΠΑΤ 263
|l 0
|o 805
|r 2020-10-22 00:00:00
|w 2020-10-22
|y JNL
|
| 999 |
|
|
|c 147715
|d 147715
|
| 022 |
|
|
|a 1105-073X
|l 1105-073X
|
| 040 |
|
|
|a GR-PaULI
|b gre
|e AACR2
|
| 082 |
|
|
|2 23
|a 805
|
| 245 |
|
|
|a Πλάτων :
|b περιοδικό της Εταιρείας Ελλήνων Φιλολόγων
|
| 260 |
|
|
|a Αθήνα :
|b Εταιρεία Ελλήνων Φιλολόγων
|
| 300 |
|
|
|a τ. :
|c 24 εκ.
|
| 310 |
|
|
|a Εξαμηνιαίο
|
| 362 |
|
|
|a Άρχισε με το τόμ.56 (2008).
|
| 588 |
|
|
|a Η περιγραφή βασίζεται στο τόμ. 56 (2008-2009).
|
| 650 |
|
0 |
|a Φιλολογία
|x Περιοδικά
|9 180615
|
| 866 |
|
|
|a τ.: 31 (1979);τ.: 56 (2008-2009)
|
| 942 |
|
|
|2 ddc
|c JNL
|
| 998 |
|
|
|c ΙΩΑΝΝΟΥ
|d 2020-10
|